|
|
|
|
| LEADER |
01958nam a2200457 a 4500 |
| 001 |
EBC3110375 |
| 003 |
MiAaPQ |
| 005 |
20200520144314.0 |
| 006 |
m o d | |
| 007 |
cr cn||||||||| |
| 008 |
090224s2009 mau sb 001 0deng d |
| 010 |
|
|
|z 2009008076
|
| 020 |
|
|
|z 1934843202
|
| 020 |
|
|
|z 9781934843567
|
| 020 |
|
|
|z 9781934843208
|
| 020 |
|
|
|a 9781618110954 (electronic bk.)
|
| 035 |
|
|
|a (MiAaPQ)EBC3110375
|
| 035 |
|
|
|a (Au-PeEL)EBL3110375
|
| 035 |
|
|
|a (CaPaEBR)ebr10509000
|
| 035 |
|
|
|a (CaONFJC)MIL574347
|
| 035 |
|
|
|a (OCoLC)649843374
|
| 040 |
|
|
|a MiAaPQ
|c MiAaPQ
|d MiAaPQ
|
| 041 |
1 |
|
|a eng
|h heb
|
| 050 |
|
4 |
|a BM602
|b .S34 2009
|
| 082 |
0 |
4 |
|a 296.3
|2 22
|
| 100 |
1 |
|
|a Sagi, Abraham.
|
| 245 |
1 |
0 |
|a Jewish religion after theology
|h [electronic resource] /
|c Avi Sagi ; translated by Batya Stein.
|
| 260 |
|
|
|a Boston :
|b Academic Studies Press,
|c 2009.
|
| 300 |
|
|
|a x, 253 p.
|
| 490 |
1 |
|
|a Emunot : Jewish philosopy and Kabbalah
|
| 504 |
|
|
|a Includes bibliographical references (p. 235-246) and index.
|
| 505 |
0 |
|
|a Are toleration and pluralism possible in Jewish religion? -- Yeshayahu Leibovitz : the man against his thought -- Leibowitz and Camus : between faith and the absurd -- Jewish religion without theology -- The critique of theodicy : from metaphysics to praxis -- The Holocaust : a theological or a religious-existentialist problem? -- Tikkun Olam : between utopian idea and socio-historical process.
|
| 533 |
|
|
|a Electronic reproduction. Ann Arbor, MI : ProQuest, 2015. Available via World Wide Web. Access may be limited to ProQuest affiliated libraries.
|
| 600 |
1 |
0 |
|a Leibowitz, Yeshayahu,
|d 1903-1994
|x Teachings.
|
| 650 |
|
0 |
|a Judaism
|x Doctrines.
|
| 650 |
|
0 |
|a Jewish philosophy.
|
| 655 |
|
4 |
|a Electronic books.
|
| 700 |
1 |
|
|a Stein, Batya.
|
| 710 |
2 |
|
|a ProQuest (Firm)
|
| 830 |
|
0 |
|a Emunot.
|
| 856 |
4 |
0 |
|u https://ebookcentral.proquest.com/lib/matrademy/detail.action?docID=3110375
|z Click to View
|